| 000 | 01445nam a22003015a 4500 | ||
|---|---|---|---|
| 003 | OSt | ||
| 005 | 20161101145130.0 | ||
| 008 | 161101s2012 ua frb 000 0 ara d | ||
| 015 | _a2012/27709 | ||
| 020 | _a9789779002446 | ||
| 040 |
_aEG-ScBUE _bara _cEG-ScBUE |
||
| 082 | 0 | 4 |
_a345 _bأ ب و _222 |
| 100 | 1 | _aأبو حماده، ممدوح أحمد. | |
| 245 | 1 | 2 |
_aالجريمة المشددة لجسامة النتيجة : _bدراسة تحليلية تأصيلية مقارنة / _cممدوح أحمد أبو حماده. |
| 246 | 3 | 3 | _aالنتيجة الإجرامية وآثارها على المسئولية الجنائية : دراسة لنظرية الجريمة المشددة لجسامة النتيجة |
| 260 |
_aالقاهرة : _bدار النهضة العربية، _c2012. |
||
| 300 |
_a526 ص. ؛ _c24 سم. |
||
| 502 | _aأطروحة (دكتوراه)--جامعة عين شمس، كلية الحقوق، قسم القانون الجنائي، 2006. | ||
| 650 | 0 |
_aالقانون الجنائي _zمصر. _2BUEsh _941146 |
|
| 650 | 0 |
_aالقانون الجنائي _zفرنسا. _2BUEsh |
|
| 650 | 0 |
_aالقانون الجنائي _zإيطاليا _2BUEsh |
|
| 650 | 0 |
_aقانون العقوبات _zمصر. _2BUEsh _941137 |
|
| 650 | 0 |
_aقانون العقوبات _zفرنسا _2BUEsh |
|
| 650 | 0 |
_aقانون العقوبات _zإيطاليا. _2BUEsh |
|
| 651 | _2BUEsh | ||
| 653 |
_bLLAAWW _cNovember2016 |
||
| 942 | _2ddc | ||
| 999 |
_c22977 _d22949 |
||